000 00249 a2200109 4500
003 Nust
005 20170207154224.0
040 _cNust
082 _a371.33
245 _aYousaf Islam Interview (VHS-323)
440 _aYousaf Islam Interview (VHS-323)
538 _aDuration Mins 148
999 _c195494
_d195494